00293 a2200109 4500001000700000020000600007040001100013100001900024240006800043245006300111362000900174158132 a  cMagnum aCivita, Victor10aEnciclopedia grandes personagens da historia universal/v.4lpor10aEnciclopedia grandes personagens da historia universal/v.40 a1899